000 00659nam a2200229 a 4500
001 BRCA_323
005 20190320202947.0
008 000323s2000 wiua---###---#000-0#eng-d
020 _a0713635525
040 _aDLC
_cDLC
050 4 _aTT919.5
_bF68 1992
100 1 _aFournier, Robert
_91074
245 1 0 _aIllustrated Dictionary of Practical Pottery
_cRobert Fournier.
250 _a3a ed.
260 _aLondres
_bA & C Black
_c1992
300 _a314 p.
_bil.
_c25 cm.
500 _aDonación Consejo Británico
650 1 4 _aArte de la cerámica
_vDiccionarios
_91075
650 1 4 _aAlfarería
_vDiccionarios
_xOficio
_91076
902 _aDCB
942 _2lcc
_cB
999 _c260
_d260